[Event "Madrid San Viator op-A 27th"]
[Site "Madrid"]
[Date "2016.09.25"]
[Round "1"]
[White "Bustos Bernardo, Samuel"]
[Black "Escribano Serrano, Pedro"]
[Result "1-0"]
[WhiteElo "1991"]
[BlackElo "1787"]
[PlyCount "131"]
[EventDate "2016.09.25"]
[EventType "swiss"]
[EventRounds "9"]
[EventCountry "ESP"]
[SourceTitle "EXT 2017"]
[Source "ChessBase"]
[SourceDate "2016.10.25"]
[SourceVersion "1"]
[SourceVersionDate "2016.10.25"]
[SourceQuality "1"]

1. Nf3 c5 2. c4 Nc6 3. d4 cxd4 4. Nxd4 g6 5. e4 Bg7 6. Be3 e6 7. Nc3 a6 8. Be2 Nge7 9. Nxc6 bxc6 10. c5 0-0 11. 0-0 f5 12. f3 h6 13. Qd2 Kh7 14. Rad1 a5 15. Na4 Ra7 16. Bc4 Qc7 17. Bf4 e5 18. Be3 f4 19. Bf2 Ng8 20. Nb6 Nf6 21. Qd3 Rd8 22. Rd2 Bf8 23. Rfd1 Kg7 24. Qc3 Bb7 25. Bb3 Ba6 26. Nc4 Bxc4 27. Qxc4 Kh7 28. Qf7+ Bg7 29. Rd6 Rf8 30. Qc4 Qc8 31. Be1 Qa6 32. Qc3 Re8 33. Bf7 Re7 34. Bc4 Qb7 35. Qb3 Qxb3 36. axb3 Re8 37. Bc3 g5 38. Ra1 Kg6 39. b4 axb4 40. Rxa7 bxc3 41. bxc3 Bf8 42. Rxc6 Rd8 43. Rcc7 Rb8 44. Ra1 Rb2 45. Bd5 h5 46. c6 Bc5+ 47. Kh1 dxc6 48. Rxc6 Be7 49. Rc1 g4 50. Ra6 Bc5 51. Ra2 Rb6 52. Raa1 Rb2 53. Rab1 Rf2 54. Rf1 g3 55. hxg3 fxg3 56. Rxf2 gxf2 57. g3 Kg5 58. Kg2 h4 59. gxh4+ Kxh4 60. Bf7 Kg5 61. Rb5 Ba7 62. Rxe5+ Kf4 63. Rf5+ Ke3 64. Rxf6 Ke2 65. Bc4+ Ke1 66. Bf1 1-0